| 000 | 00529nam a2200181Ia 4500 | ||
|---|---|---|---|
| 999 |
_c21757 _d21757 |
||
| 003 | OSt | ||
| 005 | 20200623115306.0 | ||
| 008 | 190216s9999||||xx |||||||||||||| ||und|| | ||
| 020 | _a8177554441 | ||
| 040 | _coclc | ||
| 082 |
_a954.024092 _bSTE/I |
||
| 100 |
_aStephens, H Morse _93122 |
||
| 245 | 0 |
_aIndian Rulers : Albuquerque / _cH Morse Stephens |
|
| 260 |
_bCosmo Publications, _c2014. _a New Delhi: |
||
| 300 | _a222p | ||
| 650 | _aHistory | ||
| 942 |
_cBK _2ddc _h954.024092 _iSTE/I _k954.024092 _mSTE/I |
||